<?xml version="1.0" encoding="UTF-8"?>
<record
    xmlns:xsi="http://www.w3.org/2001/XMLSchema-instance"
    xsi:schemaLocation="http://www.loc.gov/MARC21/slim http://www.loc.gov/standards/marcxml/schema/MARC21slim.xsd"
    xmlns="http://www.loc.gov/MARC21/slim">

  <leader>01315cas a2200313 i 4500</leader>
  <controlfield tag="003">DO-SdUA</controlfield>
  <controlfield tag="005">20250717161907.0</controlfield>
  <controlfield tag="007">ta</controlfield>
  <controlfield tag="008">230425e1969    dr f  p|r|   ||   | spa d</controlfield>
  <datafield tag="022" ind1=" " ind2=" ">
    <subfield code="a">0557-7659</subfield>
  </datafield>
  <datafield tag="035" ind1=" " ind2=" ">
    <subfield code="a">(DO-SdUA)46478</subfield>
  </datafield>
  <datafield tag="040" ind1=" " ind2=" ">
    <subfield code="a">DO-SdUA</subfield>
    <subfield code="b">spa</subfield>
    <subfield code="c">DO-SdUA</subfield>
    <subfield code="d">DO-SdBNP</subfield>
    <subfield code="e">rda</subfield>
  </datafield>
  <datafield tag="041" ind1="0" ind2=" ">
    <subfield code="a">spa</subfield>
  </datafield>
  <datafield tag="245" ind1="0" ind2="0">
    <subfield code="a">Revista dominicana de dermatolog&#xED;a /</subfield>
    <subfield code="c">Instituto Dermatol&#xF3;gico.</subfield>
  </datafield>
  <datafield tag="264" ind1=" " ind2=" ">
    <subfield code="a">Santo Domingo, Rep&#xFA;blica Dominicana :</subfield>
    <subfield code="b">Instituto Dermatol&#xF3;gico. </subfield>
    <subfield code="b">Asociaci&#xF3;n Dominicana de Dermatolog&#xED;a, Venereolog&#xED;a y Leprolog&#xED;a,</subfield>
    <subfield code="c">1969.</subfield>
  </datafield>
  <datafield tag="300" ind1=" " ind2=" ">
    <subfield code="a">volumen :</subfield>
    <subfield code="b">ilustraciones, fotograf&#xED;as, gr&#xE1;ficas, tablas ; </subfield>
    <subfield code="c">28 cm.</subfield>
  </datafield>
  <datafield tag="310" ind1=" " ind2=" ">
    <subfield code="a">Semestral.</subfield>
  </datafield>
  <datafield tag="336" ind1=" " ind2=" ">
    <subfield code="a">texto</subfield>
    <subfield code="b">txt</subfield>
    <subfield code="2">rdacontent</subfield>
  </datafield>
  <datafield tag="337" ind1=" " ind2=" ">
    <subfield code="a">sin mediaci&#xF3;n </subfield>
    <subfield code="b">n</subfield>
    <subfield code="2">rdamedia</subfield>
  </datafield>
  <datafield tag="338" ind1=" " ind2=" ">
    <subfield code="a">volumen </subfield>
    <subfield code="b">nc</subfield>
    <subfield code="2">rdacarrier</subfield>
  </datafield>
  <datafield tag="362" ind1=" " ind2=" ">
    <subfield code="a">Volumen 3, N&#xFA;mero 2, julio 1969.</subfield>
  </datafield>
  <datafield tag="500" ind1=" " ind2=" ">
    <subfield code="a">&#xD3;rgano oficial del Instituto Dermatol&#xF3;gico y la Asociaci&#xF3;n Dominicana de Dermatolog&#xED;a, Venereolog&#xED;a y Leprolog&#xED;a.</subfield>
  </datafield>
  <datafield tag="521" ind1=" " ind2=" ">
    <subfield code="a">Anal&#xED;tica sobre Lepra.</subfield>
  </datafield>
  <datafield tag="650" ind1=" " ind2="7">
    <subfield code="a">Dermatolog&#xED;a</subfield>
    <subfield code="v">Publicaciones seriadas</subfield>
    <subfield code="2">lemb</subfield>
    <subfield code="9">87499</subfield>
  </datafield>
  <datafield tag="655" ind1=" " ind2="0">
    <subfield code="a">Publicaciones peri&#xF3;dicas</subfield>
    <subfield code="9">87420</subfield>
  </datafield>
  <datafield tag="710" ind1="2" ind2=" ">
    <subfield code="a">Instituto Dermatol&#xF3;gico</subfield>
    <subfield code="9">87500</subfield>
  </datafield>
  <datafield tag="710" ind1="2" ind2=" ">
    <subfield code="a">Rep&#xFA;blica Dominicana.</subfield>
    <subfield code="9">87501</subfield>
    <subfield code="b">Asociaci&#xF3;n Dominicana de Dermatolog&#xED;a, Venereolog&#xED;a y Leprolog&#xED;a.</subfield>
  </datafield>
  <datafield tag="942" ind1=" " ind2=" ">
    <subfield code="2">ddc</subfield>
    <subfield code="c">ISSUE</subfield>
  </datafield>
  <datafield tag="952" ind1=" " ind2=" ">
    <subfield code="0">0</subfield>
    <subfield code="1">0</subfield>
    <subfield code="2">ddc</subfield>
    <subfield code="4">0</subfield>
    <subfield code="5">6</subfield>
    <subfield code="7">0</subfield>
    <subfield code="8">SE</subfield>
    <subfield code="a">BNPHU</subfield>
    <subfield code="b">BNPHU</subfield>
    <subfield code="d">2025-04-23</subfield>
    <subfield code="h">Volumen 32. N&#xFA;mero 1 y 2. Enero-Diciembre 2005</subfield>
    <subfield code="l">0</subfield>
    <subfield code="p">2025-3542</subfield>
    <subfield code="r">2025-04-23</subfield>
    <subfield code="t">e.1</subfield>
    <subfield code="w">2025-04-23</subfield>
    <subfield code="y">ISSUE</subfield>
  </datafield>
  <datafield tag="952" ind1=" " ind2=" ">
    <subfield code="0">0</subfield>
    <subfield code="1">0</subfield>
    <subfield code="2">ddc</subfield>
    <subfield code="4">0</subfield>
    <subfield code="5">6</subfield>
    <subfield code="7">0</subfield>
    <subfield code="8">SE</subfield>
    <subfield code="a">BNPHU</subfield>
    <subfield code="b">BNPHU</subfield>
    <subfield code="d">2025-05-16</subfield>
    <subfield code="h">Volumen 3. N&#xFA;mero 2. Julio 1969.</subfield>
    <subfield code="l">0</subfield>
    <subfield code="p">2025-4278</subfield>
    <subfield code="r">2025-05-16</subfield>
    <subfield code="t">e.1</subfield>
    <subfield code="w">2025-05-16</subfield>
    <subfield code="y">ISSUE</subfield>
  </datafield>
  <datafield tag="952" ind1=" " ind2=" ">
    <subfield code="0">0</subfield>
    <subfield code="1">0</subfield>
    <subfield code="2">ddc</subfield>
    <subfield code="4">0</subfield>
    <subfield code="5">6</subfield>
    <subfield code="7">0</subfield>
    <subfield code="8">SE</subfield>
    <subfield code="a">BNPHU</subfield>
    <subfield code="b">BNPHU</subfield>
    <subfield code="d">2025-05-16</subfield>
    <subfield code="h">Volumen 6. N&#xFA;mero 1. Enero 1972.</subfield>
    <subfield code="l">0</subfield>
    <subfield code="p">2025-4279</subfield>
    <subfield code="r">2025-05-16</subfield>
    <subfield code="t">e.1</subfield>
    <subfield code="w">2025-05-16</subfield>
    <subfield code="y">ISSUE</subfield>
  </datafield>
  <datafield tag="952" ind1=" " ind2=" ">
    <subfield code="0">0</subfield>
    <subfield code="1">0</subfield>
    <subfield code="2">ddc</subfield>
    <subfield code="4">0</subfield>
    <subfield code="5">6</subfield>
    <subfield code="7">0</subfield>
    <subfield code="8">SE</subfield>
    <subfield code="a">BNPHU</subfield>
    <subfield code="b">BNPHU</subfield>
    <subfield code="d">2025-05-16</subfield>
    <subfield code="h">Volumen 6. N&#xFA;mero 1. Enero 1972.</subfield>
    <subfield code="l">0</subfield>
    <subfield code="p">2025-4280</subfield>
    <subfield code="r">2025-05-16</subfield>
    <subfield code="t">e.2</subfield>
    <subfield code="w">2025-05-16</subfield>
    <subfield code="y">ISSUE</subfield>
  </datafield>
  <datafield tag="952" ind1=" " ind2=" ">
    <subfield code="0">0</subfield>
    <subfield code="1">0</subfield>
    <subfield code="2">ddc</subfield>
    <subfield code="4">0</subfield>
    <subfield code="5">6</subfield>
    <subfield code="7">0</subfield>
    <subfield code="8">SE</subfield>
    <subfield code="a">BNPHU</subfield>
    <subfield code="b">BNPHU</subfield>
    <subfield code="d">2025-05-16</subfield>
    <subfield code="h">Volumen 6. N&#xFA;mero 1. Enero 1972.</subfield>
    <subfield code="l">0</subfield>
    <subfield code="p">2025-4281</subfield>
    <subfield code="r">2025-05-16</subfield>
    <subfield code="t">e.3</subfield>
    <subfield code="w">2025-05-16</subfield>
    <subfield code="y">ISSUE</subfield>
  </datafield>
  <datafield tag="952" ind1=" " ind2=" ">
    <subfield code="0">0</subfield>
    <subfield code="1">0</subfield>
    <subfield code="2">ddc</subfield>
    <subfield code="4">0</subfield>
    <subfield code="5">6</subfield>
    <subfield code="7">0</subfield>
    <subfield code="8">SE</subfield>
    <subfield code="a">BNPHU</subfield>
    <subfield code="b">BNPHU</subfield>
    <subfield code="d">2025-05-16</subfield>
    <subfield code="h">Volumen 6. N&#xFA;mero 2. Julio 1972.</subfield>
    <subfield code="l">0</subfield>
    <subfield code="p">2025-4282</subfield>
    <subfield code="r">2025-05-16</subfield>
    <subfield code="t">e.1</subfield>
    <subfield code="w">2025-05-16</subfield>
    <subfield code="y">ISSUE</subfield>
  </datafield>
  <datafield tag="952" ind1=" " ind2=" ">
    <subfield code="0">0</subfield>
    <subfield code="1">0</subfield>
    <subfield code="2">ddc</subfield>
    <subfield code="4">0</subfield>
    <subfield code="5">6</subfield>
    <subfield code="7">0</subfield>
    <subfield code="8">SE</subfield>
    <subfield code="a">BNPHU</subfield>
    <subfield code="b">BNPHU</subfield>
    <subfield code="d">2025-05-16</subfield>
    <subfield code="h">Volumen 6. N&#xFA;mero 2. Julio 1972.</subfield>
    <subfield code="l">0</subfield>
    <subfield code="p">2025-4283</subfield>
    <subfield code="r">2025-05-16</subfield>
    <subfield code="t">e.2</subfield>
    <subfield code="w">2025-05-16</subfield>
    <subfield code="y">ISSUE</subfield>
  </datafield>
  <datafield tag="952" ind1=" " ind2=" ">
    <subfield code="0">0</subfield>
    <subfield code="1">0</subfield>
    <subfield code="2">ddc</subfield>
    <subfield code="4">0</subfield>
    <subfield code="5">6</subfield>
    <subfield code="7">0</subfield>
    <subfield code="8">SE</subfield>
    <subfield code="a">BNPHU</subfield>
    <subfield code="b">BNPHU</subfield>
    <subfield code="d">2025-05-16</subfield>
    <subfield code="h">Volumen 6. N&#xFA;mero 2. Julio 1972.</subfield>
    <subfield code="l">0</subfield>
    <subfield code="p">2025-4284</subfield>
    <subfield code="r">2025-05-16</subfield>
    <subfield code="t">e.3</subfield>
    <subfield code="w">2025-05-16</subfield>
    <subfield code="y">ISSUE</subfield>
  </datafield>
  <datafield tag="952" ind1=" " ind2=" ">
    <subfield code="0">0</subfield>
    <subfield code="1">0</subfield>
    <subfield code="2">ddc</subfield>
    <subfield code="4">0</subfield>
    <subfield code="5">6</subfield>
    <subfield code="7">0</subfield>
    <subfield code="8">SE</subfield>
    <subfield code="a">BNPHU</subfield>
    <subfield code="b">BNPHU</subfield>
    <subfield code="d">2025-05-16</subfield>
    <subfield code="h">Volumen 7. N&#xFA;mero 1. Enero 1973.</subfield>
    <subfield code="l">0</subfield>
    <subfield code="p">2025-4285</subfield>
    <subfield code="r">2025-05-16</subfield>
    <subfield code="t">e.1</subfield>
    <subfield code="w">2025-05-16</subfield>
    <subfield code="y">ISSUE</subfield>
  </datafield>
  <datafield tag="952" ind1=" " ind2=" ">
    <subfield code="0">0</subfield>
    <subfield code="1">0</subfield>
    <subfield code="2">ddc</subfield>
    <subfield code="4">0</subfield>
    <subfield code="5">6</subfield>
    <subfield code="7">0</subfield>
    <subfield code="8">SE</subfield>
    <subfield code="a">BNPHU</subfield>
    <subfield code="b">BNPHU</subfield>
    <subfield code="d">2025-05-16</subfield>
    <subfield code="h">Volumen 8. N&#xFA;mero 1. Enero 1974.</subfield>
    <subfield code="l">0</subfield>
    <subfield code="p">2025-4286</subfield>
    <subfield code="r">2025-05-16</subfield>
    <subfield code="t">e.1</subfield>
    <subfield code="w">2025-05-16</subfield>
    <subfield code="y">ISSUE</subfield>
  </datafield>
  <datafield tag="952" ind1=" " ind2=" ">
    <subfield code="0">0</subfield>
    <subfield code="1">0</subfield>
    <subfield code="2">ddc</subfield>
    <subfield code="4">0</subfield>
    <subfield code="5">6</subfield>
    <subfield code="7">0</subfield>
    <subfield code="8">SE</subfield>
    <subfield code="a">BNPHU</subfield>
    <subfield code="b">BNPHU</subfield>
    <subfield code="d">2025-05-16</subfield>
    <subfield code="h">Volumen 8. N&#xFA;mero 1. Enero 1974.</subfield>
    <subfield code="l">0</subfield>
    <subfield code="p">2025-4287</subfield>
    <subfield code="r">2025-05-16</subfield>
    <subfield code="t">e.2</subfield>
    <subfield code="w">2025-05-16</subfield>
    <subfield code="y">ISSUE</subfield>
  </datafield>
  <datafield tag="952" ind1=" " ind2=" ">
    <subfield code="0">0</subfield>
    <subfield code="1">0</subfield>
    <subfield code="2">ddc</subfield>
    <subfield code="4">0</subfield>
    <subfield code="5">6</subfield>
    <subfield code="7">0</subfield>
    <subfield code="8">SE</subfield>
    <subfield code="a">BNPHU</subfield>
    <subfield code="b">BNPHU</subfield>
    <subfield code="d">2025-05-16</subfield>
    <subfield code="h">Volumen 8. N&#xFA;mero 1. Enero 1974.</subfield>
    <subfield code="l">0</subfield>
    <subfield code="p">2025-4288</subfield>
    <subfield code="r">2025-05-16</subfield>
    <subfield code="t">e.3</subfield>
    <subfield code="w">2025-05-16</subfield>
    <subfield code="y">ISSUE</subfield>
  </datafield>
  <datafield tag="952" ind1=" " ind2=" ">
    <subfield code="0">0</subfield>
    <subfield code="1">0</subfield>
    <subfield code="2">ddc</subfield>
    <subfield code="4">0</subfield>
    <subfield code="5">6</subfield>
    <subfield code="7">0</subfield>
    <subfield code="8">SE</subfield>
    <subfield code="a">BNPHU</subfield>
    <subfield code="b">BNPHU</subfield>
    <subfield code="d">2025-05-16</subfield>
    <subfield code="h">Volumen 8. N&#xFA;mero 1. Enero 1974.</subfield>
    <subfield code="l">0</subfield>
    <subfield code="p">2025-4289</subfield>
    <subfield code="r">2025-05-16</subfield>
    <subfield code="t">e.4</subfield>
    <subfield code="w">2025-05-16</subfield>
    <subfield code="y">ISSUE</subfield>
  </datafield>
  <datafield tag="952" ind1=" " ind2=" ">
    <subfield code="0">0</subfield>
    <subfield code="1">0</subfield>
    <subfield code="2">ddc</subfield>
    <subfield code="4">0</subfield>
    <subfield code="5">6</subfield>
    <subfield code="7">0</subfield>
    <subfield code="8">SE</subfield>
    <subfield code="a">BNPHU</subfield>
    <subfield code="b">BNPHU</subfield>
    <subfield code="d">2025-05-16</subfield>
    <subfield code="h">Volumen 8. N&#xFA;mero 2. Julio 1974.</subfield>
    <subfield code="l">0</subfield>
    <subfield code="p">2025-4290</subfield>
    <subfield code="r">2025-05-16</subfield>
    <subfield code="t">e.1</subfield>
    <subfield code="w">2025-05-16</subfield>
    <subfield code="y">ISSUE</subfield>
  </datafield>
  <datafield tag="952" ind1=" " ind2=" ">
    <subfield code="0">0</subfield>
    <subfield code="1">0</subfield>
    <subfield code="2">ddc</subfield>
    <subfield code="4">0</subfield>
    <subfield code="5">6</subfield>
    <subfield code="7">0</subfield>
    <subfield code="8">SE</subfield>
    <subfield code="a">BNPHU</subfield>
    <subfield code="b">BNPHU</subfield>
    <subfield code="d">2025-05-16</subfield>
    <subfield code="h">Volumen 8. N&#xFA;mero 2. Junio 1974.</subfield>
    <subfield code="l">0</subfield>
    <subfield code="p">2025-4291</subfield>
    <subfield code="r">2025-05-16</subfield>
    <subfield code="t">e.2</subfield>
    <subfield code="w">2025-05-16</subfield>
    <subfield code="y">ISSUE</subfield>
  </datafield>
  <datafield tag="952" ind1=" " ind2=" ">
    <subfield code="0">0</subfield>
    <subfield code="1">0</subfield>
    <subfield code="2">ddc</subfield>
    <subfield code="4">0</subfield>
    <subfield code="5">6</subfield>
    <subfield code="7">0</subfield>
    <subfield code="8">SE</subfield>
    <subfield code="a">BNPHU</subfield>
    <subfield code="b">BNPHU</subfield>
    <subfield code="d">2025-05-16</subfield>
    <subfield code="h">Volumen 9. N&#xFA;mero 1. Enero/Junio 1975.</subfield>
    <subfield code="l">0</subfield>
    <subfield code="p">2025-4292</subfield>
    <subfield code="r">2025-05-16</subfield>
    <subfield code="t">e.1</subfield>
    <subfield code="w">2025-05-16</subfield>
    <subfield code="y">ISSUE</subfield>
  </datafield>
  <datafield tag="952" ind1=" " ind2=" ">
    <subfield code="0">0</subfield>
    <subfield code="1">0</subfield>
    <subfield code="2">ddc</subfield>
    <subfield code="4">0</subfield>
    <subfield code="5">6</subfield>
    <subfield code="7">0</subfield>
    <subfield code="8">SE</subfield>
    <subfield code="a">BNPHU</subfield>
    <subfield code="b">BNPHU</subfield>
    <subfield code="d">2025-05-16</subfield>
    <subfield code="h">Volumen 9. N&#xFA;mero 1. Enero/Junio 1975.</subfield>
    <subfield code="l">0</subfield>
    <subfield code="p">2025-4293</subfield>
    <subfield code="r">2025-05-16</subfield>
    <subfield code="t">e.2</subfield>
    <subfield code="w">2025-05-16</subfield>
    <subfield code="y">ISSUE</subfield>
  </datafield>
  <datafield tag="952" ind1=" " ind2=" ">
    <subfield code="0">0</subfield>
    <subfield code="1">0</subfield>
    <subfield code="2">ddc</subfield>
    <subfield code="4">0</subfield>
    <subfield code="5">6</subfield>
    <subfield code="7">0</subfield>
    <subfield code="8">SE</subfield>
    <subfield code="a">BNPHU</subfield>
    <subfield code="b">BNPHU</subfield>
    <subfield code="d">2025-05-16</subfield>
    <subfield code="h">Volumen 10. N&#xFA;mero 2. Julio/Diciembre 1975.</subfield>
    <subfield code="l">0</subfield>
    <subfield code="p">2025-4294</subfield>
    <subfield code="r">2025-05-16</subfield>
    <subfield code="t">e.1</subfield>
    <subfield code="w">2025-05-16</subfield>
    <subfield code="y">ISSUE</subfield>
  </datafield>
  <datafield tag="952" ind1=" " ind2=" ">
    <subfield code="0">0</subfield>
    <subfield code="1">0</subfield>
    <subfield code="2">ddc</subfield>
    <subfield code="4">0</subfield>
    <subfield code="5">6</subfield>
    <subfield code="7">0</subfield>
    <subfield code="8">SE</subfield>
    <subfield code="a">BNPHU</subfield>
    <subfield code="b">BNPHU</subfield>
    <subfield code="d">2025-05-16</subfield>
    <subfield code="h">Volumen 10. N&#xFA;mero 2. Julio/Diciembre 1975.</subfield>
    <subfield code="l">0</subfield>
    <subfield code="p">2025-4295</subfield>
    <subfield code="r">2025-05-16</subfield>
    <subfield code="t">e.2</subfield>
    <subfield code="w">2025-05-16</subfield>
    <subfield code="y">ISSUE</subfield>
  </datafield>
  <datafield tag="952" ind1=" " ind2=" ">
    <subfield code="0">0</subfield>
    <subfield code="1">0</subfield>
    <subfield code="2">ddc</subfield>
    <subfield code="4">0</subfield>
    <subfield code="5">6</subfield>
    <subfield code="7">0</subfield>
    <subfield code="8">SE</subfield>
    <subfield code="a">BNPHU</subfield>
    <subfield code="b">BNPHU</subfield>
    <subfield code="d">2025-05-16</subfield>
    <subfield code="h">Volumen 10. N&#xFA;mero 1. Enero/Junio,1976.</subfield>
    <subfield code="l">0</subfield>
    <subfield code="p">2025-4296</subfield>
    <subfield code="r">2025-05-16</subfield>
    <subfield code="t">e.1</subfield>
    <subfield code="w">2025-05-16</subfield>
    <subfield code="y">ISSUE</subfield>
  </datafield>
  <datafield tag="952" ind1=" " ind2=" ">
    <subfield code="0">0</subfield>
    <subfield code="1">0</subfield>
    <subfield code="2">ddc</subfield>
    <subfield code="4">0</subfield>
    <subfield code="5">6</subfield>
    <subfield code="7">0</subfield>
    <subfield code="8">SE</subfield>
    <subfield code="a">BNPHU</subfield>
    <subfield code="b">BNPHU</subfield>
    <subfield code="d">2025-05-16</subfield>
    <subfield code="h">Volumen 10. N&#xFA;mero 1. Enero/Junio,1976.</subfield>
    <subfield code="l">0</subfield>
    <subfield code="p">2025-4297</subfield>
    <subfield code="r">2025-05-16</subfield>
    <subfield code="t">e.2</subfield>
    <subfield code="w">2025-05-16</subfield>
    <subfield code="y">ISSUE</subfield>
  </datafield>
  <datafield tag="952" ind1=" " ind2=" ">
    <subfield code="0">0</subfield>
    <subfield code="1">0</subfield>
    <subfield code="2">ddc</subfield>
    <subfield code="4">0</subfield>
    <subfield code="5">6</subfield>
    <subfield code="7">0</subfield>
    <subfield code="8">SE</subfield>
    <subfield code="a">BNPHU</subfield>
    <subfield code="b">BNPHU</subfield>
    <subfield code="d">2025-05-16</subfield>
    <subfield code="h">Volumen 11. N&#xFA;mero 2. Julio/Diciembre,1976.</subfield>
    <subfield code="l">0</subfield>
    <subfield code="p">2025-4298</subfield>
    <subfield code="r">2025-05-16</subfield>
    <subfield code="t">e.1</subfield>
    <subfield code="w">2025-05-16</subfield>
    <subfield code="y">ISSUE</subfield>
  </datafield>
  <datafield tag="952" ind1=" " ind2=" ">
    <subfield code="0">0</subfield>
    <subfield code="1">0</subfield>
    <subfield code="2">ddc</subfield>
    <subfield code="4">0</subfield>
    <subfield code="5">6</subfield>
    <subfield code="7">0</subfield>
    <subfield code="8">SE</subfield>
    <subfield code="a">BNPHU</subfield>
    <subfield code="b">BNPHU</subfield>
    <subfield code="d">2025-05-16</subfield>
    <subfield code="h">Volumen 11. N&#xFA;mero 2. Julio/Diciembre,1976.</subfield>
    <subfield code="l">0</subfield>
    <subfield code="p">2025-4299</subfield>
    <subfield code="r">2025-05-16</subfield>
    <subfield code="t">e.2</subfield>
    <subfield code="w">2025-05-16</subfield>
    <subfield code="y">ISSUE</subfield>
  </datafield>
  <datafield tag="952" ind1=" " ind2=" ">
    <subfield code="0">0</subfield>
    <subfield code="1">0</subfield>
    <subfield code="2">ddc</subfield>
    <subfield code="4">0</subfield>
    <subfield code="5">6</subfield>
    <subfield code="7">0</subfield>
    <subfield code="8">SE</subfield>
    <subfield code="a">BNPHU</subfield>
    <subfield code="b">BNPHU</subfield>
    <subfield code="d">2025-05-16</subfield>
    <subfield code="h">Volumen 12. N&#xFA;mero 1. Enero/Junio,1977.</subfield>
    <subfield code="l">0</subfield>
    <subfield code="p">2025-4300</subfield>
    <subfield code="r">2025-05-16</subfield>
    <subfield code="t">e.1</subfield>
    <subfield code="w">2025-05-16</subfield>
    <subfield code="y">ISSUE</subfield>
  </datafield>
  <datafield tag="952" ind1=" " ind2=" ">
    <subfield code="0">0</subfield>
    <subfield code="1">0</subfield>
    <subfield code="2">ddc</subfield>
    <subfield code="4">0</subfield>
    <subfield code="5">6</subfield>
    <subfield code="7">0</subfield>
    <subfield code="8">SE</subfield>
    <subfield code="a">BNPHU</subfield>
    <subfield code="b">BNPHU</subfield>
    <subfield code="d">2025-05-16</subfield>
    <subfield code="h">Volumen 12. N&#xFA;mero 1. Enero/Junio,1977.</subfield>
    <subfield code="l">0</subfield>
    <subfield code="p">2025-4301</subfield>
    <subfield code="r">2025-05-16</subfield>
    <subfield code="t">e.2</subfield>
    <subfield code="w">2025-05-16</subfield>
    <subfield code="y">ISSUE</subfield>
  </datafield>
  <datafield tag="952" ind1=" " ind2=" ">
    <subfield code="0">0</subfield>
    <subfield code="1">0</subfield>
    <subfield code="2">ddc</subfield>
    <subfield code="4">0</subfield>
    <subfield code="5">6</subfield>
    <subfield code="7">0</subfield>
    <subfield code="8">SE</subfield>
    <subfield code="a">BNPHU</subfield>
    <subfield code="b">BNPHU</subfield>
    <subfield code="d">2025-05-16</subfield>
    <subfield code="h">Volumen 11. N&#xFA;mero 2. Julio/Diciembre,1977.</subfield>
    <subfield code="l">0</subfield>
    <subfield code="p">2025-4302</subfield>
    <subfield code="r">2025-05-16</subfield>
    <subfield code="t">e.1</subfield>
    <subfield code="w">2025-05-16</subfield>
    <subfield code="y">ISSUE</subfield>
  </datafield>
  <datafield tag="952" ind1=" " ind2=" ">
    <subfield code="0">0</subfield>
    <subfield code="1">0</subfield>
    <subfield code="2">ddc</subfield>
    <subfield code="4">0</subfield>
    <subfield code="5">6</subfield>
    <subfield code="7">0</subfield>
    <subfield code="8">SE</subfield>
    <subfield code="a">BNPHU</subfield>
    <subfield code="b">BNPHU</subfield>
    <subfield code="d">2025-05-16</subfield>
    <subfield code="h">Volumen 11. N&#xFA;mero 2. Julio/Diciembre,1977.</subfield>
    <subfield code="l">0</subfield>
    <subfield code="p">2025-4303</subfield>
    <subfield code="r">2025-05-16</subfield>
    <subfield code="t">e.2</subfield>
    <subfield code="w">2025-05-16</subfield>
    <subfield code="y">ISSUE</subfield>
  </datafield>
  <datafield tag="952" ind1=" " ind2=" ">
    <subfield code="0">0</subfield>
    <subfield code="1">0</subfield>
    <subfield code="2">ddc</subfield>
    <subfield code="4">0</subfield>
    <subfield code="5">6</subfield>
    <subfield code="7">0</subfield>
    <subfield code="8">SE</subfield>
    <subfield code="a">BNPHU</subfield>
    <subfield code="b">BNPHU</subfield>
    <subfield code="d">2025-05-16</subfield>
    <subfield code="h">Volumen 12. N&#xFA;mero 1. Enero/Junio,1978.</subfield>
    <subfield code="l">0</subfield>
    <subfield code="p">2025-4304</subfield>
    <subfield code="r">2025-05-16</subfield>
    <subfield code="t">e.1</subfield>
    <subfield code="w">2025-05-16</subfield>
    <subfield code="y">ISSUE</subfield>
  </datafield>
  <datafield tag="952" ind1=" " ind2=" ">
    <subfield code="0">0</subfield>
    <subfield code="1">0</subfield>
    <subfield code="2">ddc</subfield>
    <subfield code="4">0</subfield>
    <subfield code="5">6</subfield>
    <subfield code="7">0</subfield>
    <subfield code="8">SE</subfield>
    <subfield code="a">BNPHU</subfield>
    <subfield code="b">BNPHU</subfield>
    <subfield code="d">2025-05-16</subfield>
    <subfield code="h">Volumen 12. N&#xFA;mero 2. Julio/Diciembre,1978.</subfield>
    <subfield code="l">0</subfield>
    <subfield code="p">2025-4305</subfield>
    <subfield code="r">2025-05-16</subfield>
    <subfield code="t">e.1</subfield>
    <subfield code="w">2025-05-16</subfield>
    <subfield code="y">ISSUE</subfield>
  </datafield>
  <datafield tag="952" ind1=" " ind2=" ">
    <subfield code="0">0</subfield>
    <subfield code="1">0</subfield>
    <subfield code="2">ddc</subfield>
    <subfield code="4">0</subfield>
    <subfield code="5">6</subfield>
    <subfield code="7">0</subfield>
    <subfield code="8">SE</subfield>
    <subfield code="a">BNPHU</subfield>
    <subfield code="b">BNPHU</subfield>
    <subfield code="d">2025-05-16</subfield>
    <subfield code="h">Volumen 12. N&#xFA;mero 2. Julio/Diciembre,1978.</subfield>
    <subfield code="l">0</subfield>
    <subfield code="p">2025-4306</subfield>
    <subfield code="r">2025-05-16</subfield>
    <subfield code="t">e.2</subfield>
    <subfield code="w">2025-05-16</subfield>
    <subfield code="y">ISSUE</subfield>
  </datafield>
  <datafield tag="952" ind1=" " ind2=" ">
    <subfield code="0">0</subfield>
    <subfield code="1">0</subfield>
    <subfield code="2">ddc</subfield>
    <subfield code="4">0</subfield>
    <subfield code="5">6</subfield>
    <subfield code="7">0</subfield>
    <subfield code="8">SE</subfield>
    <subfield code="a">BNPHU</subfield>
    <subfield code="b">BNPHU</subfield>
    <subfield code="d">2025-05-16</subfield>
    <subfield code="h">Volumen 13. N&#xFA;mero 1. Enero/Junio,1979.</subfield>
    <subfield code="l">0</subfield>
    <subfield code="p">2025-4307</subfield>
    <subfield code="r">2025-05-16</subfield>
    <subfield code="t">e.1</subfield>
    <subfield code="w">2025-05-16</subfield>
    <subfield code="y">ISSUE</subfield>
  </datafield>
  <datafield tag="952" ind1=" " ind2=" ">
    <subfield code="0">0</subfield>
    <subfield code="1">0</subfield>
    <subfield code="2">ddc</subfield>
    <subfield code="4">0</subfield>
    <subfield code="5">6</subfield>
    <subfield code="7">0</subfield>
    <subfield code="8">SE</subfield>
    <subfield code="a">BNPHU</subfield>
    <subfield code="b">BNPHU</subfield>
    <subfield code="d">2025-05-16</subfield>
    <subfield code="h">Volumen 13. N&#xFA;mero 1. Enero/Junio,1979.</subfield>
    <subfield code="l">0</subfield>
    <subfield code="p">2025-4308</subfield>
    <subfield code="r">2025-05-16</subfield>
    <subfield code="t">e.2</subfield>
    <subfield code="w">2025-05-16</subfield>
    <subfield code="y">ISSUE</subfield>
  </datafield>
  <datafield tag="952" ind1=" " ind2=" ">
    <subfield code="0">0</subfield>
    <subfield code="1">0</subfield>
    <subfield code="2">ddc</subfield>
    <subfield code="4">0</subfield>
    <subfield code="5">6</subfield>
    <subfield code="7">0</subfield>
    <subfield code="8">SE</subfield>
    <subfield code="a">BNPHU</subfield>
    <subfield code="b">BNPHU</subfield>
    <subfield code="d">2025-05-16</subfield>
    <subfield code="h">Volumen 13. N&#xFA;mero 2. Julio/Diciembre,1979.</subfield>
    <subfield code="l">0</subfield>
    <subfield code="p">2025-4309</subfield>
    <subfield code="r">2025-05-16</subfield>
    <subfield code="t">e.1</subfield>
    <subfield code="w">2025-05-16</subfield>
    <subfield code="y">ISSUE</subfield>
  </datafield>
  <datafield tag="952" ind1=" " ind2=" ">
    <subfield code="0">0</subfield>
    <subfield code="1">0</subfield>
    <subfield code="2">ddc</subfield>
    <subfield code="4">0</subfield>
    <subfield code="5">6</subfield>
    <subfield code="7">0</subfield>
    <subfield code="8">SE</subfield>
    <subfield code="a">BNPHU</subfield>
    <subfield code="b">BNPHU</subfield>
    <subfield code="d">2025-05-16</subfield>
    <subfield code="h">Volumen 13. N&#xFA;mero 2. Julio/Diciembre,1979.</subfield>
    <subfield code="l">0</subfield>
    <subfield code="p">2025-4310</subfield>
    <subfield code="r">2025-05-16</subfield>
    <subfield code="t">e.2</subfield>
    <subfield code="w">2025-05-16</subfield>
    <subfield code="y">ISSUE</subfield>
  </datafield>
  <datafield tag="952" ind1=" " ind2=" ">
    <subfield code="0">0</subfield>
    <subfield code="1">0</subfield>
    <subfield code="2">ddc</subfield>
    <subfield code="4">0</subfield>
    <subfield code="5">6</subfield>
    <subfield code="7">0</subfield>
    <subfield code="8">SE</subfield>
    <subfield code="a">BNPHU</subfield>
    <subfield code="b">BNPHU</subfield>
    <subfield code="d">2025-05-16</subfield>
    <subfield code="h">Volumen 20. N&#xFA;mero 1 y 2. Enero-Diciembre 1993</subfield>
    <subfield code="l">0</subfield>
    <subfield code="p">2025-4314</subfield>
    <subfield code="r">2025-05-16</subfield>
    <subfield code="t">e.1</subfield>
    <subfield code="w">2025-05-16</subfield>
    <subfield code="y">ISSUE</subfield>
  </datafield>
  <datafield tag="952" ind1=" " ind2=" ">
    <subfield code="0">0</subfield>
    <subfield code="1">0</subfield>
    <subfield code="2">ddc</subfield>
    <subfield code="4">0</subfield>
    <subfield code="5">6</subfield>
    <subfield code="7">0</subfield>
    <subfield code="8">SE</subfield>
    <subfield code="a">BNPHU</subfield>
    <subfield code="b">BNPHU</subfield>
    <subfield code="d">2025-05-16</subfield>
    <subfield code="h">Volumen 21. N&#xFA;mero 1 y 2. Enero-Diciembre 1994</subfield>
    <subfield code="l">0</subfield>
    <subfield code="p">2025-4315</subfield>
    <subfield code="r">2025-05-16</subfield>
    <subfield code="t">e.1</subfield>
    <subfield code="w">2025-05-16</subfield>
    <subfield code="y">ISSUE</subfield>
  </datafield>
  <datafield tag="952" ind1=" " ind2=" ">
    <subfield code="0">0</subfield>
    <subfield code="1">0</subfield>
    <subfield code="2">ddc</subfield>
    <subfield code="4">0</subfield>
    <subfield code="5">6</subfield>
    <subfield code="7">0</subfield>
    <subfield code="8">SE</subfield>
    <subfield code="a">BNPHU</subfield>
    <subfield code="b">BNPHU</subfield>
    <subfield code="d">2025-05-16</subfield>
    <subfield code="h">Volumen 21. N&#xFA;mero 1 y 2. Enero-Diciembre 1994</subfield>
    <subfield code="l">0</subfield>
    <subfield code="p">2025-4316</subfield>
    <subfield code="r">2025-05-16</subfield>
    <subfield code="t">e.2</subfield>
    <subfield code="w">2025-05-16</subfield>
    <subfield code="y">ISSUE</subfield>
  </datafield>
  <datafield tag="952" ind1=" " ind2=" ">
    <subfield code="0">0</subfield>
    <subfield code="1">0</subfield>
    <subfield code="2">ddc</subfield>
    <subfield code="4">0</subfield>
    <subfield code="5">6</subfield>
    <subfield code="7">0</subfield>
    <subfield code="8">SE</subfield>
    <subfield code="a">BNPHU</subfield>
    <subfield code="b">BNPHU</subfield>
    <subfield code="d">2025-05-16</subfield>
    <subfield code="h">Volumen 21. N&#xFA;mero 1 y 2. Enero-Diciembre 1994</subfield>
    <subfield code="l">0</subfield>
    <subfield code="p">2025-4317</subfield>
    <subfield code="r">2025-05-16</subfield>
    <subfield code="t">e.3</subfield>
    <subfield code="w">2025-05-16</subfield>
    <subfield code="y">ISSUE</subfield>
  </datafield>
  <datafield tag="952" ind1=" " ind2=" ">
    <subfield code="0">0</subfield>
    <subfield code="1">0</subfield>
    <subfield code="2">ddc</subfield>
    <subfield code="4">0</subfield>
    <subfield code="5">6</subfield>
    <subfield code="7">0</subfield>
    <subfield code="8">SE</subfield>
    <subfield code="a">BNPHU</subfield>
    <subfield code="b">BNPHU</subfield>
    <subfield code="d">2025-05-16</subfield>
    <subfield code="h">Volumen 22. N&#xFA;mero 1 y 2. Enero-Diciembre 1995</subfield>
    <subfield code="l">0</subfield>
    <subfield code="p">2025-4318</subfield>
    <subfield code="r">2025-05-16</subfield>
    <subfield code="t">e.1</subfield>
    <subfield code="w">2025-05-16</subfield>
    <subfield code="y">ISSUE</subfield>
  </datafield>
  <datafield tag="952" ind1=" " ind2=" ">
    <subfield code="0">0</subfield>
    <subfield code="1">0</subfield>
    <subfield code="2">ddc</subfield>
    <subfield code="4">0</subfield>
    <subfield code="5">6</subfield>
    <subfield code="7">0</subfield>
    <subfield code="8">SE</subfield>
    <subfield code="a">BNPHU</subfield>
    <subfield code="b">BNPHU</subfield>
    <subfield code="d">2025-05-16</subfield>
    <subfield code="h">Volumen 22. N&#xFA;mero 1 y 2. Enero-Diciembre 1995</subfield>
    <subfield code="l">0</subfield>
    <subfield code="p">2025-4319</subfield>
    <subfield code="r">2025-05-16</subfield>
    <subfield code="t">e.2</subfield>
    <subfield code="w">2025-05-16</subfield>
    <subfield code="y">ISSUE</subfield>
  </datafield>
  <datafield tag="952" ind1=" " ind2=" ">
    <subfield code="0">0</subfield>
    <subfield code="1">0</subfield>
    <subfield code="2">ddc</subfield>
    <subfield code="4">0</subfield>
    <subfield code="5">6</subfield>
    <subfield code="7">0</subfield>
    <subfield code="8">SE</subfield>
    <subfield code="a">BNPHU</subfield>
    <subfield code="b">BNPHU</subfield>
    <subfield code="d">2025-05-16</subfield>
    <subfield code="h">Volumen 22. N&#xFA;mero 1 y 2. Enero-Diciembre 1995</subfield>
    <subfield code="l">0</subfield>
    <subfield code="p">2025-4320</subfield>
    <subfield code="r">2025-05-16</subfield>
    <subfield code="t">e.3</subfield>
    <subfield code="w">2025-05-16</subfield>
    <subfield code="y">ISSUE</subfield>
  </datafield>
  <datafield tag="952" ind1=" " ind2=" ">
    <subfield code="0">0</subfield>
    <subfield code="1">0</subfield>
    <subfield code="2">ddc</subfield>
    <subfield code="4">0</subfield>
    <subfield code="5">6</subfield>
    <subfield code="7">0</subfield>
    <subfield code="8">SE</subfield>
    <subfield code="a">BNPHU</subfield>
    <subfield code="b">BNPHU</subfield>
    <subfield code="d">2025-05-16</subfield>
    <subfield code="h">Volumen 23. N&#xFA;mero 1 y 2. Enero-Diciembre 1996</subfield>
    <subfield code="l">0</subfield>
    <subfield code="p">2025-4321</subfield>
    <subfield code="r">2025-05-16</subfield>
    <subfield code="t">e.1</subfield>
    <subfield code="w">2025-05-16</subfield>
    <subfield code="y">ISSUE</subfield>
  </datafield>
  <datafield tag="952" ind1=" " ind2=" ">
    <subfield code="0">0</subfield>
    <subfield code="1">0</subfield>
    <subfield code="2">ddc</subfield>
    <subfield code="4">0</subfield>
    <subfield code="5">6</subfield>
    <subfield code="7">0</subfield>
    <subfield code="8">SE</subfield>
    <subfield code="a">BNPHU</subfield>
    <subfield code="b">BNPHU</subfield>
    <subfield code="d">2025-05-16</subfield>
    <subfield code="h">Volumen 23. N&#xFA;mero 1 y 2. Enero-Diciembre 1996</subfield>
    <subfield code="l">0</subfield>
    <subfield code="p">2025-4322</subfield>
    <subfield code="r">2025-05-16</subfield>
    <subfield code="t">e.2</subfield>
    <subfield code="w">2025-05-16</subfield>
    <subfield code="y">ISSUE</subfield>
  </datafield>
  <datafield tag="952" ind1=" " ind2=" ">
    <subfield code="0">0</subfield>
    <subfield code="1">0</subfield>
    <subfield code="2">ddc</subfield>
    <subfield code="4">0</subfield>
    <subfield code="5">6</subfield>
    <subfield code="7">0</subfield>
    <subfield code="8">SE</subfield>
    <subfield code="a">BNPHU</subfield>
    <subfield code="b">BNPHU</subfield>
    <subfield code="d">2025-05-16</subfield>
    <subfield code="h">Volumen 23. N&#xFA;mero 1 y 2. Enero-Diciembre 1996</subfield>
    <subfield code="l">0</subfield>
    <subfield code="p">2025-4323</subfield>
    <subfield code="r">2025-05-16</subfield>
    <subfield code="t">e.3</subfield>
    <subfield code="w">2025-05-16</subfield>
    <subfield code="y">ISSUE</subfield>
  </datafield>
  <datafield tag="952" ind1=" " ind2=" ">
    <subfield code="0">0</subfield>
    <subfield code="1">0</subfield>
    <subfield code="2">ddc</subfield>
    <subfield code="4">0</subfield>
    <subfield code="5">6</subfield>
    <subfield code="7">0</subfield>
    <subfield code="8">SE</subfield>
    <subfield code="a">BNPHU</subfield>
    <subfield code="b">BNPHU</subfield>
    <subfield code="d">2025-05-16</subfield>
    <subfield code="h">Volumen 24. N&#xFA;mero 1. Enero-Junio 1997</subfield>
    <subfield code="l">0</subfield>
    <subfield code="p">2025-4324</subfield>
    <subfield code="r">2025-05-16</subfield>
    <subfield code="t">e.1</subfield>
    <subfield code="w">2025-05-16</subfield>
    <subfield code="y">ISSUE</subfield>
  </datafield>
  <datafield tag="952" ind1=" " ind2=" ">
    <subfield code="0">0</subfield>
    <subfield code="1">0</subfield>
    <subfield code="2">ddc</subfield>
    <subfield code="4">0</subfield>
    <subfield code="5">6</subfield>
    <subfield code="7">0</subfield>
    <subfield code="8">SE</subfield>
    <subfield code="a">BNPHU</subfield>
    <subfield code="b">BNPHU</subfield>
    <subfield code="d">2025-05-16</subfield>
    <subfield code="h">Volumen 32. N&#xFA;mero 1 y 2. Enero-Diciembre 2005</subfield>
    <subfield code="l">0</subfield>
    <subfield code="p">2025-4325</subfield>
    <subfield code="r">2025-05-16</subfield>
    <subfield code="t">e.2</subfield>
    <subfield code="w">2025-05-16</subfield>
    <subfield code="y">ISSUE</subfield>
  </datafield>
  <datafield tag="952" ind1=" " ind2=" ">
    <subfield code="0">0</subfield>
    <subfield code="1">0</subfield>
    <subfield code="2">ddc</subfield>
    <subfield code="4">0</subfield>
    <subfield code="5">6</subfield>
    <subfield code="7">0</subfield>
    <subfield code="8">SE</subfield>
    <subfield code="a">BNPHU</subfield>
    <subfield code="b">BNPHU</subfield>
    <subfield code="d">2025-05-16</subfield>
    <subfield code="h">Volumen 32. N&#xFA;mero 1 y 2. Enero-Diciembre 2005</subfield>
    <subfield code="l">0</subfield>
    <subfield code="p">2025-4326</subfield>
    <subfield code="r">2025-05-16</subfield>
    <subfield code="t">e.3</subfield>
    <subfield code="w">2025-05-16</subfield>
    <subfield code="y">ISSUE</subfield>
  </datafield>
  <datafield tag="952" ind1=" " ind2=" ">
    <subfield code="0">0</subfield>
    <subfield code="1">0</subfield>
    <subfield code="2">ddc</subfield>
    <subfield code="4">0</subfield>
    <subfield code="5">6</subfield>
    <subfield code="7">0</subfield>
    <subfield code="8">SE</subfield>
    <subfield code="a">BNPHU</subfield>
    <subfield code="b">BNPHU</subfield>
    <subfield code="d">2025-05-16</subfield>
    <subfield code="h">Volumen 32. N&#xFA;mero 1 y 2. Enero-Diciembre 2005</subfield>
    <subfield code="l">0</subfield>
    <subfield code="p">2025-4327</subfield>
    <subfield code="r">2025-05-16</subfield>
    <subfield code="t">e.4</subfield>
    <subfield code="w">2025-05-16</subfield>
    <subfield code="y">ISSUE</subfield>
  </datafield>
  <datafield tag="952" ind1=" " ind2=" ">
    <subfield code="0">0</subfield>
    <subfield code="1">0</subfield>
    <subfield code="2">ddc</subfield>
    <subfield code="4">0</subfield>
    <subfield code="5">6</subfield>
    <subfield code="7">0</subfield>
    <subfield code="8">SE</subfield>
    <subfield code="a">BNPHU</subfield>
    <subfield code="b">BNPHU</subfield>
    <subfield code="d">2025-05-16</subfield>
    <subfield code="h">Volumen 32. N&#xFA;mero 1 y 2. Enero-Diciembre 2005</subfield>
    <subfield code="l">0</subfield>
    <subfield code="p">2025-4328</subfield>
    <subfield code="r">2025-05-16</subfield>
    <subfield code="t">e.5</subfield>
    <subfield code="w">2025-05-16</subfield>
    <subfield code="y">ISSUE</subfield>
  </datafield>
  <datafield tag="952" ind1=" " ind2=" ">
    <subfield code="0">0</subfield>
    <subfield code="1">0</subfield>
    <subfield code="2">ddc</subfield>
    <subfield code="4">0</subfield>
    <subfield code="5">6</subfield>
    <subfield code="7">0</subfield>
    <subfield code="8">SE</subfield>
    <subfield code="a">BNPHU</subfield>
    <subfield code="b">BNPHU</subfield>
    <subfield code="d">2025-05-16</subfield>
    <subfield code="h">Volumen 32. N&#xFA;mero 1 y 2. Enero-Diciembre 2005</subfield>
    <subfield code="l">0</subfield>
    <subfield code="p">2025-4329</subfield>
    <subfield code="r">2025-05-16</subfield>
    <subfield code="t">e.6</subfield>
    <subfield code="w">2025-05-16</subfield>
    <subfield code="y">ISSUE</subfield>
  </datafield>
  <datafield tag="952" ind1=" " ind2=" ">
    <subfield code="0">0</subfield>
    <subfield code="1">0</subfield>
    <subfield code="2">ddc</subfield>
    <subfield code="4">0</subfield>
    <subfield code="5">6</subfield>
    <subfield code="7">0</subfield>
    <subfield code="8">SE</subfield>
    <subfield code="a">BNPHU</subfield>
    <subfield code="b">BNPHU</subfield>
    <subfield code="d">2025-07-17</subfield>
    <subfield code="h">Volumen 4. N&#xFA;mero 1. Enero 1970</subfield>
    <subfield code="l">0</subfield>
    <subfield code="p">2025-6670</subfield>
    <subfield code="r">2025-07-17</subfield>
    <subfield code="t">e.1</subfield>
    <subfield code="w">2025-07-17</subfield>
    <subfield code="y">ISSUE</subfield>
  </datafield>
  <datafield tag="952" ind1=" " ind2=" ">
    <subfield code="0">0</subfield>
    <subfield code="1">0</subfield>
    <subfield code="2">ddc</subfield>
    <subfield code="4">0</subfield>
    <subfield code="5">6</subfield>
    <subfield code="7">0</subfield>
    <subfield code="8">SE</subfield>
    <subfield code="a">BNPHU</subfield>
    <subfield code="b">BNPHU</subfield>
    <subfield code="d">2025-07-17</subfield>
    <subfield code="h">Volumen 4. N&#xFA;mero 1. Enero 1970</subfield>
    <subfield code="l">0</subfield>
    <subfield code="p">2025-6671</subfield>
    <subfield code="r">2025-07-17</subfield>
    <subfield code="t">e.2</subfield>
    <subfield code="w">2025-07-17</subfield>
    <subfield code="y">ISSUE</subfield>
  </datafield>
  <datafield tag="952" ind1=" " ind2=" ">
    <subfield code="0">0</subfield>
    <subfield code="1">0</subfield>
    <subfield code="2">ddc</subfield>
    <subfield code="4">0</subfield>
    <subfield code="5">6</subfield>
    <subfield code="7">0</subfield>
    <subfield code="8">SE</subfield>
    <subfield code="a">BNPHU</subfield>
    <subfield code="b">BNPHU</subfield>
    <subfield code="d">2025-07-17</subfield>
    <subfield code="h">Volumen 4. N&#xFA;mero 1. Enero 1970</subfield>
    <subfield code="l">0</subfield>
    <subfield code="p">2025-6672</subfield>
    <subfield code="r">2025-07-17</subfield>
    <subfield code="t">e.3</subfield>
    <subfield code="w">2025-07-17</subfield>
    <subfield code="y">ISSUE</subfield>
  </datafield>
  <datafield tag="952" ind1=" " ind2=" ">
    <subfield code="0">0</subfield>
    <subfield code="1">0</subfield>
    <subfield code="2">ddc</subfield>
    <subfield code="4">0</subfield>
    <subfield code="5">6</subfield>
    <subfield code="7">0</subfield>
    <subfield code="8">SE</subfield>
    <subfield code="a">BNPHU</subfield>
    <subfield code="b">BNPHU</subfield>
    <subfield code="d">2025-07-17</subfield>
    <subfield code="h">Volumen 4. N&#xFA;mero 1. Enero 1970</subfield>
    <subfield code="l">0</subfield>
    <subfield code="p">2025-6673</subfield>
    <subfield code="r">2025-07-17</subfield>
    <subfield code="t">e.4</subfield>
    <subfield code="w">2025-07-17</subfield>
    <subfield code="y">ISSUE</subfield>
  </datafield>
  <datafield tag="952" ind1=" " ind2=" ">
    <subfield code="0">0</subfield>
    <subfield code="1">0</subfield>
    <subfield code="2">ddc</subfield>
    <subfield code="4">0</subfield>
    <subfield code="5">6</subfield>
    <subfield code="7">0</subfield>
    <subfield code="8">SE</subfield>
    <subfield code="a">BNPHU</subfield>
    <subfield code="b">BNPHU</subfield>
    <subfield code="d">2025-07-17</subfield>
    <subfield code="h">Volumen 5. N&#xFA;mero 1. Enero 1971</subfield>
    <subfield code="l">0</subfield>
    <subfield code="p">2025-6674</subfield>
    <subfield code="r">2025-07-17</subfield>
    <subfield code="t">e.1</subfield>
    <subfield code="w">2025-07-17</subfield>
    <subfield code="y">ISSUE</subfield>
  </datafield>
  <datafield tag="952" ind1=" " ind2=" ">
    <subfield code="0">0</subfield>
    <subfield code="1">0</subfield>
    <subfield code="2">ddc</subfield>
    <subfield code="4">0</subfield>
    <subfield code="5">6</subfield>
    <subfield code="7">0</subfield>
    <subfield code="8">SE</subfield>
    <subfield code="a">BNPHU</subfield>
    <subfield code="b">BNPHU</subfield>
    <subfield code="d">2025-07-17</subfield>
    <subfield code="h">Volumen 5. N&#xFA;mero 2. Julio 1971</subfield>
    <subfield code="l">0</subfield>
    <subfield code="p">2025-6675</subfield>
    <subfield code="r">2025-07-17</subfield>
    <subfield code="t">e.1</subfield>
    <subfield code="w">2025-07-17</subfield>
    <subfield code="y">ISSUE</subfield>
  </datafield>
  <datafield tag="952" ind1=" " ind2=" ">
    <subfield code="0">0</subfield>
    <subfield code="1">0</subfield>
    <subfield code="2">ddc</subfield>
    <subfield code="4">0</subfield>
    <subfield code="5">6</subfield>
    <subfield code="7">0</subfield>
    <subfield code="8">SE</subfield>
    <subfield code="a">BNPHU</subfield>
    <subfield code="b">BNPHU</subfield>
    <subfield code="d">2025-07-17</subfield>
    <subfield code="h">Volumen 6. N&#xFA;mero 1. Enero 1972</subfield>
    <subfield code="l">0</subfield>
    <subfield code="p">2025-6676</subfield>
    <subfield code="r">2025-07-17</subfield>
    <subfield code="t">e.1</subfield>
    <subfield code="w">2025-07-17</subfield>
    <subfield code="y">ISSUE</subfield>
  </datafield>
  <datafield tag="952" ind1=" " ind2=" ">
    <subfield code="0">0</subfield>
    <subfield code="1">0</subfield>
    <subfield code="2">ddc</subfield>
    <subfield code="4">0</subfield>
    <subfield code="5">6</subfield>
    <subfield code="7">0</subfield>
    <subfield code="8">SE</subfield>
    <subfield code="a">BNPHU</subfield>
    <subfield code="b">BNPHU</subfield>
    <subfield code="d">2025-07-17</subfield>
    <subfield code="h">Volumen 6. N&#xFA;mero 1. Enero 1972</subfield>
    <subfield code="l">0</subfield>
    <subfield code="p">2025-6677</subfield>
    <subfield code="r">2025-07-17</subfield>
    <subfield code="t">e.2</subfield>
    <subfield code="w">2025-07-17</subfield>
    <subfield code="y">ISSUE</subfield>
  </datafield>
  <datafield tag="952" ind1=" " ind2=" ">
    <subfield code="0">0</subfield>
    <subfield code="1">0</subfield>
    <subfield code="2">ddc</subfield>
    <subfield code="4">0</subfield>
    <subfield code="5">6</subfield>
    <subfield code="7">0</subfield>
    <subfield code="8">SE</subfield>
    <subfield code="a">BNPHU</subfield>
    <subfield code="b">BNPHU</subfield>
    <subfield code="d">2025-07-17</subfield>
    <subfield code="h">Volumen 6. N&#xFA;mero 1. Enero 1972</subfield>
    <subfield code="l">0</subfield>
    <subfield code="p">2025-6678</subfield>
    <subfield code="r">2025-07-17</subfield>
    <subfield code="t">e.3</subfield>
    <subfield code="w">2025-07-17</subfield>
    <subfield code="y">ISSUE</subfield>
  </datafield>
  <datafield tag="952" ind1=" " ind2=" ">
    <subfield code="0">0</subfield>
    <subfield code="1">0</subfield>
    <subfield code="2">ddc</subfield>
    <subfield code="4">0</subfield>
    <subfield code="5">6</subfield>
    <subfield code="7">0</subfield>
    <subfield code="8">SE</subfield>
    <subfield code="a">BNPHU</subfield>
    <subfield code="b">BNPHU</subfield>
    <subfield code="d">2025-07-17</subfield>
    <subfield code="h">Volumen 6. N&#xFA;mero 1. Enero 1972</subfield>
    <subfield code="l">0</subfield>
    <subfield code="p">2025-6679</subfield>
    <subfield code="r">2025-07-17</subfield>
    <subfield code="t">e.4</subfield>
    <subfield code="w">2025-07-17</subfield>
    <subfield code="y">ISSUE</subfield>
  </datafield>
  <datafield tag="952" ind1=" " ind2=" ">
    <subfield code="0">0</subfield>
    <subfield code="1">0</subfield>
    <subfield code="2">ddc</subfield>
    <subfield code="4">0</subfield>
    <subfield code="5">6</subfield>
    <subfield code="7">0</subfield>
    <subfield code="8">SE</subfield>
    <subfield code="a">BNPHU</subfield>
    <subfield code="b">BNPHU</subfield>
    <subfield code="d">2025-07-17</subfield>
    <subfield code="h">Volumen 3. N&#xFA;mero 1. Enero 1969</subfield>
    <subfield code="l">0</subfield>
    <subfield code="p">2025-6686</subfield>
    <subfield code="r">2025-07-17</subfield>
    <subfield code="t">e.1</subfield>
    <subfield code="w">2025-07-17</subfield>
    <subfield code="y">ISSUE</subfield>
  </datafield>
  <datafield tag="952" ind1=" " ind2=" ">
    <subfield code="0">0</subfield>
    <subfield code="1">0</subfield>
    <subfield code="2">ddc</subfield>
    <subfield code="4">0</subfield>
    <subfield code="5">6</subfield>
    <subfield code="7">0</subfield>
    <subfield code="8">SE</subfield>
    <subfield code="a">BNPHU</subfield>
    <subfield code="b">BNPHU</subfield>
    <subfield code="d">2025-07-17</subfield>
    <subfield code="h">Volumen 3. N&#xFA;mero 2. Julio 1969</subfield>
    <subfield code="l">0</subfield>
    <subfield code="p">2025-6687</subfield>
    <subfield code="r">2025-07-17</subfield>
    <subfield code="t">e.1</subfield>
    <subfield code="w">2025-07-17</subfield>
    <subfield code="y">ISSUE</subfield>
  </datafield>
  <datafield tag="952" ind1=" " ind2=" ">
    <subfield code="0">0</subfield>
    <subfield code="1">0</subfield>
    <subfield code="2">ddc</subfield>
    <subfield code="4">0</subfield>
    <subfield code="5">6</subfield>
    <subfield code="7">0</subfield>
    <subfield code="8">SE</subfield>
    <subfield code="a">BNPHU</subfield>
    <subfield code="b">BNPHU</subfield>
    <subfield code="d">2025-07-17</subfield>
    <subfield code="h">Volumen 4. N&#xFA;mero 1. Enero 1970</subfield>
    <subfield code="l">0</subfield>
    <subfield code="p">2025-6688</subfield>
    <subfield code="r">2025-07-17</subfield>
    <subfield code="t">e.5</subfield>
    <subfield code="w">2025-07-17</subfield>
    <subfield code="y">ISSUE</subfield>
  </datafield>
  <datafield tag="952" ind1=" " ind2=" ">
    <subfield code="0">0</subfield>
    <subfield code="1">0</subfield>
    <subfield code="2">ddc</subfield>
    <subfield code="4">0</subfield>
    <subfield code="5">6</subfield>
    <subfield code="7">0</subfield>
    <subfield code="8">SE</subfield>
    <subfield code="a">BNPHU</subfield>
    <subfield code="b">BNPHU</subfield>
    <subfield code="d">2025-07-17</subfield>
    <subfield code="h">Volumen 5. N&#xFA;mero 2. Julio 1971</subfield>
    <subfield code="l">0</subfield>
    <subfield code="p">2025-6689</subfield>
    <subfield code="r">2025-07-17</subfield>
    <subfield code="t">e.1</subfield>
    <subfield code="w">2025-07-17</subfield>
    <subfield code="y">ISSUE</subfield>
  </datafield>
  <datafield tag="952" ind1=" " ind2=" ">
    <subfield code="0">0</subfield>
    <subfield code="1">0</subfield>
    <subfield code="2">ddc</subfield>
    <subfield code="4">0</subfield>
    <subfield code="5">6</subfield>
    <subfield code="7">0</subfield>
    <subfield code="8">SE</subfield>
    <subfield code="a">BNPHU</subfield>
    <subfield code="b">BNPHU</subfield>
    <subfield code="d">2025-07-17</subfield>
    <subfield code="h">Volumen 10. N&#xFA;mero 1. Enero/Junio,1976</subfield>
    <subfield code="l">0</subfield>
    <subfield code="p">2025-6690</subfield>
    <subfield code="r">2025-07-17</subfield>
    <subfield code="t">e.3</subfield>
    <subfield code="w">2025-07-17</subfield>
    <subfield code="y">ISSUE</subfield>
  </datafield>
  <datafield tag="952" ind1=" " ind2=" ">
    <subfield code="0">0</subfield>
    <subfield code="1">0</subfield>
    <subfield code="2">ddc</subfield>
    <subfield code="4">0</subfield>
    <subfield code="5">6</subfield>
    <subfield code="7">0</subfield>
    <subfield code="8">SE</subfield>
    <subfield code="a">BNPHU</subfield>
    <subfield code="b">BNPHU</subfield>
    <subfield code="d">2025-07-17</subfield>
    <subfield code="h">Volumen 11. N&#xFA;mero 2. Julio/Diciembre,1976</subfield>
    <subfield code="l">0</subfield>
    <subfield code="p">2025-6691</subfield>
    <subfield code="r">2025-07-17</subfield>
    <subfield code="t">e.3</subfield>
    <subfield code="w">2025-07-17</subfield>
    <subfield code="y">ISSUE</subfield>
  </datafield>
  <datafield tag="952" ind1=" " ind2=" ">
    <subfield code="0">0</subfield>
    <subfield code="1">0</subfield>
    <subfield code="2">ddc</subfield>
    <subfield code="4">0</subfield>
    <subfield code="5">6</subfield>
    <subfield code="7">0</subfield>
    <subfield code="8">SE</subfield>
    <subfield code="a">BNPHU</subfield>
    <subfield code="b">BNPHU</subfield>
    <subfield code="d">2025-07-17</subfield>
    <subfield code="h">Volumen 11. N&#xFA;mero 1. Enero/Junio,1977</subfield>
    <subfield code="l">0</subfield>
    <subfield code="p">2025-6692</subfield>
    <subfield code="r">2025-07-17</subfield>
    <subfield code="t">e.1</subfield>
    <subfield code="w">2025-07-17</subfield>
    <subfield code="y">ISSUE</subfield>
  </datafield>
  <datafield tag="952" ind1=" " ind2=" ">
    <subfield code="0">0</subfield>
    <subfield code="1">0</subfield>
    <subfield code="2">ddc</subfield>
    <subfield code="4">0</subfield>
    <subfield code="5">6</subfield>
    <subfield code="7">0</subfield>
    <subfield code="8">SE</subfield>
    <subfield code="a">BNPHU</subfield>
    <subfield code="b">BNPHU</subfield>
    <subfield code="d">2025-07-17</subfield>
    <subfield code="h">Volumen 11. N&#xFA;mero 2. Julio/Diciembre, 1977</subfield>
    <subfield code="l">0</subfield>
    <subfield code="p">2025-6693</subfield>
    <subfield code="r">2025-07-17</subfield>
    <subfield code="t">e.1</subfield>
    <subfield code="w">2025-07-17</subfield>
    <subfield code="y">ISSUE</subfield>
  </datafield>
  <datafield tag="952" ind1=" " ind2=" ">
    <subfield code="0">0</subfield>
    <subfield code="1">0</subfield>
    <subfield code="2">ddc</subfield>
    <subfield code="4">0</subfield>
    <subfield code="5">6</subfield>
    <subfield code="7">0</subfield>
    <subfield code="8">SE</subfield>
    <subfield code="a">BNPHU</subfield>
    <subfield code="b">BNPHU</subfield>
    <subfield code="d">2025-07-17</subfield>
    <subfield code="h">Volumen 12. N&#xFA;mero 2. Julio/Diciembre,1978</subfield>
    <subfield code="l">0</subfield>
    <subfield code="p">2025-6694</subfield>
    <subfield code="r">2025-07-17</subfield>
    <subfield code="t">e.3</subfield>
    <subfield code="w">2025-07-17</subfield>
    <subfield code="y">ISSUE</subfield>
  </datafield>
  <datafield tag="952" ind1=" " ind2=" ">
    <subfield code="0">0</subfield>
    <subfield code="1">0</subfield>
    <subfield code="2">ddc</subfield>
    <subfield code="4">0</subfield>
    <subfield code="5">6</subfield>
    <subfield code="7">0</subfield>
    <subfield code="8">SE</subfield>
    <subfield code="a">BNPHU</subfield>
    <subfield code="b">BNPHU</subfield>
    <subfield code="d">2025-07-17</subfield>
    <subfield code="h">Volumen 13. N&#xFA;mero 2. Julio/Diciembre,1979</subfield>
    <subfield code="l">0</subfield>
    <subfield code="p">2025-6695</subfield>
    <subfield code="r">2025-07-17</subfield>
    <subfield code="t">e.3</subfield>
    <subfield code="w">2025-07-17</subfield>
    <subfield code="y">ISSUE</subfield>
  </datafield>
  <datafield tag="952" ind1=" " ind2=" ">
    <subfield code="0">0</subfield>
    <subfield code="1">0</subfield>
    <subfield code="2">ddc</subfield>
    <subfield code="4">0</subfield>
    <subfield code="5">6</subfield>
    <subfield code="7">0</subfield>
    <subfield code="8">SE</subfield>
    <subfield code="a">BNPHU</subfield>
    <subfield code="b">BNPHU</subfield>
    <subfield code="d">2025-07-17</subfield>
    <subfield code="h">Volumen 18. N&#xFA;meros 1 y 2. Enero/Diciembre,1984</subfield>
    <subfield code="l">0</subfield>
    <subfield code="p">2025-6696</subfield>
    <subfield code="r">2025-07-17</subfield>
    <subfield code="t">e.1</subfield>
    <subfield code="w">2025-07-17</subfield>
    <subfield code="y">ISSUE</subfield>
  </datafield>
  <datafield tag="999" ind1=" " ind2=" ">
    <subfield code="c">58756</subfield>
    <subfield code="d">58756</subfield>
  </datafield>
</record>
